| 000 | 00595nam a2200193 i 4500 | ||
|---|---|---|---|
| 001 | 58140 | ||
| 003 | ES-MaACL | ||
| 005 | 20250820152139.0 | ||
| 007 | t| | ||
| 008 | 031021s1955 sp ||||1| spa d | ||
| 100 | 1 |
_aDumay, Raymond. _945992 |
|
| 245 | 1 | 0 |
_aBuenos días, Fanny _b: novela / _cRaymond Dumay ; [versión española de J. García Mercadal]. |
| 250 | _a[1ª ed.]. | ||
| 260 |
_aBarcelona : _bJuventud, _c[1955] ( _fAtenas) |
||
| 300 |
_a319 p. ; _c20 cm. |
||
| 700 | 1 |
_aGarcía Mercadal, J., _d1883-1975 _9164264 |
|
| 852 |
_aES-MaACL _jC-9689 _bR.37596 |
||
| 999 |
_c58140 _d58140 |
||